Temporal variation and high-resolution spatial heterogeneity in soil CO2 efflux in a short-rotation tree plantation (Record no. 70371)

MARC details
000 -LEADER
fixed length control field 00687nam a2200241Ia 4500
100 ## - MAIN ENTRY--AUTHOR NAME
Personal name Walle Inge Vande
245 #0 - TITLE STATEMENT
Title Temporal variation and high-resolution spatial heterogeneity in soil CO2 efflux in a short-rotation tree plantation
260 ## - PUBLICATION, DISTRIBUTION, ETC. (IMPRINT)
Name of publisher Tree Physiology
Year of publication 2007
300 ## - PHYSICAL DESCRIPTION
Number of Pages 837-848
650 ## - SUBJECT ADDED ENTRY--TOPICAL TERM
Topical Term Exponential model
650 ## - SUBJECT ADDED ENTRY--TOPICAL TERM
Topical Term Forest ecosytem
650 ## - SUBJECT ADDED ENTRY--TOPICAL TERM
Topical Term Logistic function
650 ## - SUBJECT ADDED ENTRY--TOPICAL TERM
Topical Term Q10 value
650 ## - SUBJECT ADDED ENTRY--TOPICAL TERM
Topical Term Seasonality
650 ## - SUBJECT ADDED ENTRY--TOPICAL TERM
Topical Term Spatial variability
650 ## - SUBJECT ADDED ENTRY--TOPICAL TERM
Topical Term Willow
700 ## - ADDED ENTRY--PERSONAL NAME
Personal name Lemeur Raoul
700 ## - ADDED ENTRY--PERSONAL NAME
Personal name Looman Brecht
700 ## - ADDED ENTRY--PERSONAL NAME
Personal name Samson Roeland
700 ## - ADDED ENTRY--PERSONAL NAME
Personal name Verheyen Kris
942 ## - ADDED ENTRY ELEMENTS (KOHA)
Koha item type Journals
Holdings
Withdrawn status Lost status Damaged status Not for loan Home library Current library Shelving location Date acquired Serial Enumeration / chronology Koha item type
      Journals RRII Library RRII Library Physiology 14/11/2007 Volume 27, Issue 6 Journals